Kenang-kenangan hidup

Bibliographic Details
Main Author: Hamka
Format: Book
Language:Malay
Published: Selangor : Pustaka Dini , 2009
Subjects:

MARC

LEADER 00000cam a2200000 7i4500
001 0000018956
005 20090518.0
008 090514s my # may
020 |a 9789833707270 ,   |c RM45.00 
040 |a INS 
090 0 0 |a PL5186   |b H36 2009 
100 0 |a Hamka 
245 1 0 |a Kenang-kenangan hidup   |c Hamka 
260 |a Selangor :   |b Pustaka Dini ,   |c 2009 
300 |a ix, 702ms. :   |b il. ;   |c 20cm. 
600 0 0 |a Hamka ,   |c 1908 - 1981 
650 0 |a Authors, Indonesian   |x Biography 
650 0 |a Indonesian literature (Malay) 
999 |a 0000020824   |b BOOK   |c Open Shelf   |e Default branch